[Event "45th Sparkassen Open"]
[Site "Dortmund GER"]
[Date "2017.07.18"]
[Round "4.5"]
[White "Melde, Benjamin"]
[Black "Jugelt, Tobias"]
[Result "1/2-1/2"]
[BlackTitle "IM"]
[WhiteElo "1912"]
[BlackElo "2431"]
[WhiteFideId "12958816"]
[BlackFideId "4626150"]
[EventDate "2017.07.15"]

1. c4 c6 2. g3 d5 3. Nf3 Nf6 4. Bg2 g6 5. b3 Bg7 6. Bb2 O-O 7. O-O e6 8. Qc2 Re8
9. d4 a5 10. Nc3 b6 11. e4 Ba6 12. e5 Nfd7 13. Ne2 c5 14. dxc5 Nxc5 15. Rfd1 Nc6
16. Nf4 Rc8 17. cxd5 Nb4 18. Qd2 exd5 19. Nxd5 Nbd3 20. Nf6+ Bxf6 21. exf6 Nxb2
22. Qxb2 Nd3 23. Qd4 Qxd4 24. Nxd4 Rcd8 25. Nc6 Rd6 26. Bf1 Rxc6 27. Bxd3 Bxd3
28. Rxd3 Rxf6 29. Rd2 h5 30. h4 Rc8 31. Re1 Rc3 32. Re8+ Kg7 33. Rdd8 Rfc6 34.
Re7 Rc1+ 35. Kg2 R1c2 36. Rd3 Rf6 37. Rf3 Rxf3 38. Kxf3 Rxa2 39. Rb7 Ra3 40.
Rxb6 a4 41. Ra6 Rxb3+ 42. Kf4 a3 43. f3 Kf8 44. Ra7 Kg7 45. Ra6 f6 46. Ra7+ Kh6
47. Ra6 Kg7 48. Ra7+ Kf8 49. g4 Ke8 50. gxh5 gxh5 51. Kf5 Rxf3+ 52. Ke4 Rg3 53.
Kf4 Rh3 54. Kf5 Kd8 55. Kxf6 Rg3 56. Ra5 Kc7 57. Rxh5 Kb6 58. Rh8 Rc3 59. Ra8
Rc6+ 60. Ke5 Rc5+ 1/2-1/2

[Event "45th Sparkassen Open"]
[Site "Dortmund GER"]
[Date "2017.07.18"]
[Round "4.6"]
[White "Holtel, Jasper"]
[Black "Heider, Martin"]
[Result "0-1"]
[WhiteTitle "FM"]
[WhiteElo "2229"]
[BlackElo "2356"]
[WhiteFideId "12956376"]
[BlackFideId "24668389"]
[EventDate "2017.07.15"]

1. e4 c6 2. d4 d5 3. e5 Bf5 4. Nf3 e6 5. Be2 h6 6. O-O Ne7 7. Nbd2 Nd7 8. Nb3 g5
9. Bd2 Bg7 10. h4 g4 11. Ne1 f6 12. Bxg4 fxe5 13. Bh5+ Kf8 14. c3 Kg8 15. Nc2
Nf6 16. Be2 e4 17. Ne3 Bh7 18. Nc5 Qc8 19. Qb3 Rb8 20. Ng4 Bf5 21. Nxf6+ Bxf6
22. Bf4 e5 23. dxe5 Ng6 24. exf6 Nxf4 25. Qd1 Bh3 26. g3 Nxe2+ 27. Qxe2 Bxf1 28.
Qh5 Rh7 29. Rxf1 Qf8 30. Qg6+ Kh8 31. Ne6 Qf7 32. Qf5 Rg7 33. h5 Qd7 34. Qe5 Rf7
35. Nf4 Re8 36. Ng6+ Kh7 37. Ne7 Qg4 38. f3 exf3 39. Kh2 Qe4 40. Qf4 Rexe7 0-1

[Event "45th Sparkassen Open"]
[Site "Dortmund GER"]
[Date "2017.07.18"]
[Round "4.7"]
[White "Hiller, Simon"]
[Black "Henrichs, Thomas"]
[Result "0-1"]
[BlackTitle "IM"]
[WhiteElo "2165"]
[BlackElo "2491"]
[WhiteFideId "24641308"]
[BlackFideId "4626605"]
[EventDate "2017.07.15"]

1. Nf3 d6 2. d4 g6 3. c4 Bg7 4. Nc3 Nf6 5. g3 O-O 6. Bg2 Nbd7 7. O-O e5 8. e4 c6
9. h3 Qa5 10. Be3 exd4 11. Nxd4 Ne5 12. Qe2 Re8 13. f4 Ned7 14. Qc2 Nb6 15. b3
Nxe4 16. Nxe4 d5 17. Bd2 Bxd4+ 18. Kh2 Qa3 19. Bc3 Rxe4 20. Bxe4 Bxc3 21. Qxc3
dxe4 22. Qe5 Nd7 23. Qe8+ Kg7 24. Qxe4 Qb2+ 25. Qg2 Qxg2+ 26. Kxg2 Nf6 27. Rfe1
h5 28. Re7 Kf8 29. Re5 Be6 30. Rd1 a5 31. a4 Ke7 32. Re3 Rd8 33. Rxd8 Kxd8 34.
Re5 b6 35. Re3 Nd7 36. Rd3 Kc7 37. Rc3 Nc5 38. Re3 b5 39. g4 hxg4 40. hxg4 bxa4
41. f5 gxf5 42. gxf5 Bxf5 43. bxa4 Be6 0-1

[Event "45th Sparkassen Open"]
[Site "Dortmund GER"]
[Date "2017.07.18"]
[Round "4.8"]
[White "Kashlinskaya, Alina"]
[Black "Goossens, Hanne"]
[Result "1-0"]
[WhiteTitle "IM"]
[BlackTitle "WFM"]
[WhiteElo "2438"]
[BlackElo "2175"]
[WhiteFideId "4198026"]
[BlackFideId "200468"]
[EventDate "2017.07.15"]

1. d4 f5 2. c4 e6 3. g3 Nf6 4. Bg2 Be7 5. Nf3 O-O 6. O-O d6 7. Nc3 Ne4 8. Qc2
Nxc3 9. Qxc3 a5 10. Qc2 Nc6 11. e4 e5 12. d5 fxe4 13. Qxe4 Nb4 14. Ne1 Bf5 15.
Qe2 Na6 16. h4 Qd7 17. Be3 Bf6 18. Nd3 Rae8 19. Kh2 e4 20. Nf4 Be5 21. Qd2 b6
22. Ne2 Nb4 23. Nd4 Bxd4 24. Bxd4 Nd3 25. f3 exf3 26. Rxf3 Ne5 27. Bxe5 Rxe5 28.
Raf1 Rfe8 29. R1f2 Bg4 30. Rf4 Re2 31. Qd4 Rxf2 32. Qxf2 h5 33. Be4 Qe7 34. Bg6
Rf8 35. Rxf8+ Qxf8 36. Bh7+ 1-0

[Event "45th Sparkassen Open"]
[Site "Dortmund GER"]
[Date "2017.07.18"]
[Round "4.9"]
[White "Podzielny, Karl-Heinz"]
[Black "Ambartsumjan, Evgeny"]
[Result "1-0"]
[WhiteTitle "IM"]
[WhiteElo "2395"]
[BlackElo "2122"]
[WhiteFideId "4600215"]
[BlackFideId "34140643"]
[EventDate "2017.07.15"]

1. d4 Nf6 2. Nf3 g6 3. c4 Bg7 4. Nc3 d6 5. e4 O-O 6. h3 Qe8 7. Be3 Na6 8. g4 e5
9. d5 b6 10. Nd2 Bd7 11. Rc1 c6 12. Be2 Qe7 13. g5 Ne8 14. dxc6 Bxc6 15. Nd5
Bxd5 16. cxd5 Nc5 17. b4 Nd7 18. h4 f5 19. gxf6 Nexf6 20. h5 Rfc8 21. hxg6 hxg6
22. Rc6 Kf7 23. Qc2 Rh8 24. Rg1 Bh6 25. Bxh6 Rxh6 26. Nc4 Ne8 27. Bg4 Rd8 28.
Ne3 Ndf6 29. Be6+ Kf8 30. f3 Qh7 31. Qg2 Rh2 32. Qxg6 Qxg6 33. Rxg6 Rxa2 34. Nf5
Rh2 35. Rc7 Rh1+ 36. Ke2 Rh2+ 37. Kd3 Nxc7 38. Rxf6+ 1-0

[Event "45th Sparkassen Open"]
[Site "Dortmund GER"]
[Date "2017.07.18"]
[Round "4.10"]
[White "Schuh, Dirk"]
[Black "Meiser, Markus"]
[Result "1-0"]
[WhiteTitle "IM"]
[WhiteElo "2377"]
[BlackElo "2145"]
[WhiteFideId "4655311"]
[BlackFideId "4617827"]
[EventDate "2017.07.15"]

1. e4 c5 2. c3 Nf6 3. e5 Nd5 4. d4 cxd4 5. Nf3 e6 6. cxd4 b6 7. Bc4 Bb4+ 8. Bd2
Bb7 9. O-O Be7 10. Bxd5 Bxd5 11. Nc3 Bxf3 12. Qxf3 Nc6 13. Qg3 Nxd4 14. Qxg7 Rf8
15. Qxh7 d5 16. exd6 Bxd6 17. Rfd1 Qe7 18. Bh6 Bxh2+ 19. Kf1 Qh4 20. Rxd4 1-0

[Event "45th Sparkassen Open"]
[Site "Dortmund GER"]
[Date "2017.07.18"]
[Round "4.11"]
[White "Althoff, Ralph"]
[Black "Wagner, Alexej"]
[Result "0-1"]
[WhiteElo "2071"]
[BlackElo "2277"]
[WhiteFideId "4623177"]
[BlackFideId "4129555"]
[EventDate "2017.07.15"]

1. e4 c5 2. Nf3 d6 3. d4 cxd4 4. Qxd4 Nc6 5. Bb5 Bd7 6. Qd3 Nf6 7. c4 g6 8. Nc3
Bg7 9. O-O O-O 10. h3 Rc8 11. Rb1 a6 12. Bxc6 Bxc6 13. Rd1 Nd7 14. Nd4 Ne5 15.
Qe2 Bd7 16. b3 b5 17. f4 Nc6 18. Nxc6 Bxc6 19. cxb5 axb5 20. Nd5 e6 21. Nb4 Bb7
22. Bb2 Qb6+ 23. Kh1 Bxb2 24. Rxb2 Rc3 25. Rbd2 Re3 26. Qf2 Qc5 27. Rxd6 Rxh3+
28. Kg1 Rh1+ 0-1

[Event "45th Sparkassen Open"]
[Site "Dortmund GER"]
[Date "2017.07.18"]
[Round "4.12"]
[White "Sondermann, Dirk"]
[Black "Boehm, Juergen2"]
[Result "0-1"]
[WhiteElo "2041"]
[BlackElo "2217"]
[WhiteFideId "4658116"]
[BlackFideId "4606434"]
[EventDate "2017.07.15"]

1. d4 d5 2. Nf3 Nf6 3. c4 c6 4. Nc3 e6 5. Bg5 dxc4 6. a4 Bb4 7. e4 c5 8. e5 cxd4
9. Bxc4 dxc3 10. Qxd8+ Kxd8 11. O-O-O+ Ke7 12. exf6+ gxf6 13. Be3 cxb2+ 14. Kxb2
Nc6 15. Bb5 e5 16. Rc1 Bd7 17. Rc4 Bd6 18. Rh4 Rag8 19. Rd1 Rxg2 20. Rd2 a6 21.
Be2 Rg4 22. Rh6 Rxa4 23. Bd3 e4 0-1

[Event "45th Sparkassen Open"]
[Site "Dortmund GER"]
[Date "2017.07.18"]
[Round "4.13"]
[White "Gijsen, Stief"]
[Black "Koellner, Ruben Gideon"]
[Result "1/2-1/2"]
[WhiteElo "2194"]
[BlackElo "2078"]
[WhiteFideId "207535"]
[BlackFideId "12993093"]
[EventDate "2017.07.15"]

1. e4 c5 2. Nf3 e6 3. g3 d5 4. exd5 exd5 5. d4 Nc6 6. Bg2 Bg4 7. c3 cxd4 8. cxd4
Bb4+ 9. Nc3 Qa5 10. O-O Nge7 11. h3 Bxf3 12. Qxf3 Nxd4 13. Qg4 Ne6 14. Nxd5 Nxd5
15. Bxd5 Qxd5 16. Qxb4 a5 17. Qa3 b5 18. Be3 b4 19. Qa4+ Qd7 20. Qxd7+ Kxd7 21.
Rfd1+ Ke7 22. Rd5 Rhc8 23. Rad1 Rc2 24. R1d2 Rxd2 25. Rxd2 Rd8 26. Rc2 Rd5 27.
b3 Kd6 28. Kf1 Kd7 29. Ke1 f5 30. Rc4 Nd8 31. Ke2 Nc6 32. Bb6 g6 33. Rh4 h5 34.
Rc4 Re5+ 35. Kd2 Rd5+ 36. Ke2 Re5+ 37. Kd2 Rd5+ 38. Ke3 Re5+ 39. Kd2 Rd5+ 1/2-1/2

[Event "45th Sparkassen Open"]
[Site "Dortmund GER"]
[Date "2017.07.18"]
[Round "4.14"]
[White "Lehmann, Holger"]
[Black "Runte, Moritz"]
[Result "1-0"]
[WhiteElo "2188"]
[BlackElo "1862"]
[WhiteFideId "4620275"]
[BlackFideId "12991449"]
[EventDate "2017.07.15"]

1. c4 e6 2. e4 c5 3. Nc3 Nc6 4. g3 Nge7 5. Bg2 g6 6. Nge2 Bg7 7. d3 d6 8. Be3 a6
9. d4 cxd4 10. Nxd4 O-O 11. O-O Qc7 12. Rc1 Bd7 13. b3 Rfd8 14. Qd2 Ne5 15. h3
Rac8 16. f4 N5c6 17. Nde2 f5 18. g4 Be8 19. Ng3 Qa5 20. Rfd1 fxe4 21. Ncxe4 Qxd2
22. Rxd2 d5 23. Ng5 Bf7 24. Bb6 Rd7 25. Rcd1 d4 26. N3e4 e5 27. Nc5 Rd6 28. Nxb7
Rf6 29. Nxf7 Rb8 30. Nfd6 Rxd6 31. Nxd6 Rxb6 32. c5 Rb8 33. fxe5 Bxe5 34. Nc4
Bf4 35. Rxd4 Nxd4 36. Rxd4 g5 37. Rd7 Ng6 38. c6 Rf8 39. Bd5+ Kh8 40. Be4 Nh4
41. c7 1-0

[Event "45th Sparkassen Open"]
[Site "Dortmund GER"]
[Date "2017.07.18"]
[Round "4.15"]
[White "Kartsev, Soel"]
[Black "Happe, Ulrich"]
[Result "0-1"]
[WhiteElo "2220"]
[BlackElo "2064"]
[WhiteFideId "4130561"]
[BlackFideId "24683175"]
[EventDate "2017.07.15"]

1. e4 c5 2. c3 d5 3. exd5 Qxd5 4. d4 cxd4 5. cxd4 e5 6. Nf3 exd4 7. Nxd4 Bc5 8.
Be3 Nf6 9. Nc3 Qe5 10. Bb5+ Bd7 11. O-O O-O 12. Re1 a6 13. f4 Qd6 14. Bxd7 Nbxd7
15. Kh1 Rfe8 16. Nf5 Qxd1 17. Raxd1 g6 18. Bxc5 Nxc5 19. Rxe8+ Rxe8 20. Nd6 Re3
21. Kg1 b5 22. h3 Rd3 23. a3 Kf8 24. Nc8 Rxd1+ 25. Nxd1 Ke8 26. Nb6 Ke7 27. g4
Kd6 28. Ne3 Nd3 29. g5 Ne4 30. Nbd5 Nxb2 31. Kg2 Nc4 32. Kf3 Nxe3 33. Nxe3 f5
34. gxf6 Nxf6 35. h4 a5 36. Ke2 Nd5 37. Ng2 b4 38. axb4 Nxb4 39. Ne3 a4 40. f5
Ke5 41. fxg6 hxg6 42. Kd2 Nd5 43. Nc4+ Kd4 44. Nd6 Nf4 45. Kc2 Ng2 46. Kb2 Nxh4
47. Nf7 Kd5 48. Ka3 Nf3 49. Kxa4 Ke6 50. Nh6 Ne5 51. Kb4 Kf6 0-1

[Event "45th Sparkassen Open"]
[Site "Dortmund GER"]
[Date "2017.07.18"]
[Round "4.16"]
[White "Harringer, Manfred"]
[Black "Zill, Christoph"]
[Result "1/2-1/2"]
[BlackTitle "FM"]
[WhiteElo "1979"]
[BlackElo "2213"]
[WhiteFideId "12958336"]
[BlackFideId "4688856"]
[EventDate "2017.07.15"]

1. e4 e6 2. c4 d5 3. cxd5 exd5 4. exd5 Nf6 5. Bb5+ Bd7 6. Bc4 Bd6 7. Qe2+ Qe7 8.
Nc3 O-O 9. Qxe7 Bxe7 10. d4 Bd6 11. Be3 a6 12. a4 Bc8 13. Nf3 Nbd7 14. Bb3 Rb8
15. O-O b5 16. axb5 axb5 17. Ra5 b4 18. Na4 Bb7 19. Rc1 Ra8 20. Rb5 Bxd5 21.
Rxd5 Nxd5 22. Bxd5 Rxa4 23. Bc6 Nb6 24. Bxa4 Nxa4 25. b3 Nc3 26. Ra1 f6 27. Nd2
Kf7 28. Ra5 Ke6 29. g3 g5 30. Nc4 h6 31. Kf1 f5 32. f4 Nd5 33. fxg5 Nxe3+ 34.
Nxe3 hxg5 35. Kg2 f4 36. Ng4 Rf5 37. Rxf5 Kxf5 38. Kf3 fxg3 39. hxg3 Ke6 40. Ne3
c5 41. dxc5 Bxc5 42. Ke4 Bxe3 43. Kxe3 Kf5 44. Kf3 Ke5 45. Ke3 Kd5 46. Kd3 g4 1/2-1/2

[Event "45th Sparkassen Open"]
[Site "Dortmund GER"]
[Date "2017.07.18"]
[Round "4.17"]
[White "Van Cappellen, Jonas"]
[Black "Sandten, Ulrich"]
[Result "1/2-1/2"]
[WhiteElo "2141"]
[BlackElo "2064"]
[WhiteFideId "263796"]
[BlackFideId "4644930"]
[EventDate "2017.07.15"]

1. d4 d6 2. Nf3 Nf6 3. c4 Nbd7 4. Nc3 e5 5. e4 Be7 6. Be2 O-O 7. O-O c6 8. Qc2
a6 9. Rd1 Qc7 10. h3 b5 11. a3 exd4 12. Nxd4 Nb6 13. cxb5 cxb5 14. Bf4 Re8 15.
Rac1 Bd7 16. Qd3 Qa7 17. Qg3 Rad8 18. e5 dxe5 19. Bxe5 g6 20. Qf3 Nh5 21. Ne4
Nc4 22. Bxc4 bxc4 23. g4 f6 24. Bh2 f5 25. gxf5 Rf8 26. Qe2 gxf5 27. Qxh5 fxe4
28. Qd5+ Kh8 29. Be5+ Bf6 30. Ne6 Rg8+ 31. Kh1 Qxf2 32. Bxf6+ Qxf6 33. Qd4 Qxd4
34. Nxd4 Bxh3 35. Rxc4 Bg2+ 36. Kh2 Rd5 37. Rdc1 Bf1 38. Rc5 Rxd4 39. Rxf1 e3
40. Rf3 e2 41. Re5 Rd2 42. Kh3 Rxb2 43. Rfe3 Ra2 44. Rxe2 Rxa3+ 45. Kh2 Rag3 46.
Rh5 R3g6 47. Re7 h6 48. Ra7 R8g7 49. Ra8+ Kh7 50. Ra5 Rg2+ 1/2-1/2

[Event "45th Sparkassen Open"]
[Site "Dortmund GER"]
[Date "2017.07.18"]
[Round "4.18"]
[White "Ramien, David"]
[Black "Koellner, Christof"]
[Result "1-0"]
[WhiteElo "2070"]
[BlackElo "2131"]
[WhiteFideId "12948241"]
[BlackFideId "4635787"]
[EventDate "2017.07.15"]

1. e4 d6 2. d4 Nf6 3. Nc3 e5 4. Nf3 exd4 5. Nxd4 Be7 6. Bc4 O-O 7. O-O a6 8. a4
Nc6 9. h3 Nb4 10. Re1 Re8 11. Bb3 c5 12. Nf3 Be6 13. Bxe6 fxe6 14. Qe2 Nd7 15.
Bf4 Nf8 16. Rad1 Qc7 17. Rd2 c4 18. Red1 Red8 19. Bg3 Rac8 20. Nd4 g6 21. Qg4 h5
22. Qe2 e5 23. Nf3 Ne6 24. Qe3 g5 25. h4 g4 26. Qh6 Nf4 27. Bxf4 exf4 28. Qg6+
Kf8 29. Nd4 1-0

[Event "45th Sparkassen Open"]
[Site "Dortmund GER"]
[Date "2017.07.18"]
[Round "4.19"]
[White "Tueckmantel, Rene"]
[Black "Dannehr, Juergen"]
[Result "1-0"]
[WhiteElo "2130"]
[BlackElo "1845"]
[WhiteFideId "24618012"]
[BlackFideId "16211758"]
[EventDate "2017.07.15"]

1. e4 c5 2. Nc3 e6 3. g3 d5 4. exd5 exd5 5. Bg2 d4 6. Qe2+ Be7 7. Nd5 Nc6 8. d3
Be6 9. Nf4 Bd7 10. g4 Kf8 11. Bd2 Bd6 12. O-O-O Nge7 13. Ngh3 Qc8 14. f3 Qc7 15.
Qf2 b5 16. Qh4 c4 17. Nh5 Ng6 18. Qf2 cxd3 19. cxd3 Be6 20. b3 Qb6 21. N3f4 Nxf4
22. Nxf4 Bxf4 23. Bxf4 Nb4 24. a3 Nd5 25. Be5 Ne3 26. Rde1 Nxg2 27. Qxg2 1-0

[Event "45th Sparkassen Open"]
[Site "Dortmund GER"]
[Date "2017.07.18"]
[Round "4.20"]
[White "Heller, Achim"]
[Black "Delere, Adrian"]
[Result "1-0"]
[WhiteElo "2118"]
[BlackElo "1805"]
[WhiteFideId "12901300"]
[BlackFideId "12990400"]
[EventDate "2017.07.15"]

1. d4 f5 2. Nf3 Nf6 3. c4 e6 4. Nc3 d5 5. Bg5 c6 6. e3 Be7 7. Bd3 O-O 8. O-O Ne4
9. Bxe7 Qxe7 10. Rc1 Nd7 11. Ne2 Kh8 12. Ne1 Qg5 13. f4 Qg6 14. Nf3 Ndf6 15. Ne5
Qh6 16. Qe1 Nd7 17. Bxe4 Nxe5 18. dxe5 fxe4 19. c5 Bd7 20. Nd4 g5 21. g3 g4 22.
Qc3 Kg8 23. Rc2 a6 24. Rcf2 Qg6 25. Qb4 Rab8 26. Qa5 h5 27. Qc7 Qh7 28. f5 Rbc8
29. Qd6 Rce8 30. fxe6 Rxf2 31. Rxf2 Bc8 32. Rf7 Qh6 33. Nf5 Qxe6 34. Qc7 d4 35.
Rg7+ Kf8 36. Rg8+ Qxg8 37. Qd6+ 1-0

[Event "45th Sparkassen Open"]
[Site "Dortmund GER"]
[Date "2017.07.18"]
[Round "4.21"]
[White "Groneberg, Joerg"]
[Black "Steinle, Carsten"]
[Result "1-0"]
[WhiteElo "1973"]
[BlackElo "2237"]
[WhiteFideId "12941638"]
[BlackFideId "24676462"]
[EventDate "2017.07.15"]

1. d4 e6 2. c4 f5 3. g3 Nf6 4. Bg2 c5 5. d5 e5 6. Nc3 d6 7. e4 Be7 8. Nge2 O-O
9. O-O Nxe4 10. Nxe4 fxe4 11. Qc2 Bf5 12. Bxe4 Qd7 13. Be3 Na6 14. a3 Bxe4 15.
Qxe4 Bf6 16. Nc3 Nc7 17. b4 b6 18. Rab1 Rac8 19. bxc5 dxc5 20. Qd3 Ne6 21. Qf5 1-0

[Event "45th Sparkassen Open"]
[Site "Dortmund GER"]
[Date "2017.07.18"]
[Round "4.22"]
[White "Heinert, Eugen"]
[Black "Schuelke, Tilman"]
[Result "1-0"]
[WhiteElo "2168"]
[BlackElo "1973"]
[WhiteFideId "24621390"]
[BlackFideId "4647475"]
[EventDate "2017.07.15"]

1. d4 d5 2. c4 e6 3. Nc3 f5 4. Nf3 c6 5. Bf4 Nf6 6. e3 Be7 7. Qc2 O-O 8. Bd3 Ne4
9. g4 a6 10. c5 Nd7 11. b4 Bf6 12. Rg1 g6 13. g5 Bg7 14. Na4 Re8 15. Ne5 Bxe5
16. dxe5 b6 17. f3 Nexc5 18. bxc5 bxc5 19. Qc3 c4 20. Bc2 Rb8 21. Kf2 Qc7 22.
Rab1 Rb5 23. h4 Bb7 24. Rh1 c5 25. h5 Qc6 26. e4 fxe4 27. fxe4 Rf8 28. Kg3 Rf7
29. hxg6 hxg6 30. Kg4 Rxb1 31. Rxb1 Kg7 32. Re1 Qc8 33. Qh3 Rxf4+ 34. Kxf4 Qf8+
35. Kg3 d4 36. Rf1 Qb8 37. Qh6+ 1-0

[Event "45th Sparkassen Open"]
[Site "Dortmund GER"]
[Date "2017.07.18"]
[Round "4.23"]
[White "Biermann, Lenhard"]
[Black "Buechle, Manfred"]
[Result "1-0"]
[WhiteElo "1902"]
[BlackElo "2118"]
[WhiteFideId "12970077"]
[BlackFideId "4659368"]
[EventDate "2017.07.15"]

1. d4 d5 2. c4 e6 3. Nf3 Nf6 4. g3 Be7 5. Bg2 O-O 6. O-O Nbd7 7. Nbd2 c5 8. cxd5
Nxd5 9. e4 N5b6 10. Qe2 cxd4 11. Nxd4 Nc5 12. N2f3 e5 13. Nb5 a6 14. Rd1 Nbd7
15. Nc3 Qe8 16. Nd5 Bd8 17. b4 Ne6 18. Bb2 Nc7 19. Nxc7 Bxc7 20. Rac1 Bb8 21.
Rxc8 Qxc8 22. Bh3 f5 23. exf5 Qe8 24. Qc4+ Kh8 25. Qe6 Qxe6 26. fxe6 1-0

[Event "45th Sparkassen Open"]
[Site "Dortmund GER"]
[Date "2017.07.18"]
[Round "4.24"]
[White "Gramb, Marius"]
[Black "Boesel, Alexander"]
[Result "0-1"]
[WhiteElo "2110"]
[BlackElo "1963"]
[WhiteFideId "24656593"]
[BlackFideId "4623185"]
[EventDate "2017.07.15"]

1. d4 Nf6 2. c4 g6 3. Nc3 Bg7 4. e4 d6 5. Be2 O-O 6. Bg5 c5 7. d5 e6 8. Qd2 exd5
9. exd5 Qb6 10. O-O-O Re8 11. f3 a6 12. g4 Nbd7 13. h4 Qa5 14. h5 b5 15. hxg6
hxg6 16. Bh6 Bh8 17. Bf4 Ne5 18. cxb5 Rb8 19. Bg5 Nh7 20. a4 c4 21. Bf4 axb5 22.
axb5 Bd7 23. Bf1 Nd3+ 24. Bxd3 cxd3 25. Qxd3 Rec8 26. Kd2 Bxb5 27. Qe3 Bxc3+ 28.
bxc3 Qa2+ 29. Ke1 Re8 30. Rd2 Qa1+ 31. Kf2 Rxe3 32. Bxe3 Qf1+ 33. Kg3 Qe1+ 34.
Rf2 Qxe3 35. Rfh2 Qe5+ 36. f4 Qe1+ 37. Kg2 Bf1+ 38. Kf3 Qxc3+ 39. Kf2 Rb2+ 40.
Kxf1 Qc1# 0-1

[Event "45th Sparkassen Open"]
[Site "Dortmund GER"]
[Date "2017.07.18"]
[Round "4.25"]
[White "Wuebker, Paul-Luca"]
[Black "Kasueschke, Lars"]
[Result "1/2-1/2"]
[WhiteElo "2042"]
[BlackElo "1916"]
[WhiteFideId "12939528"]
[BlackFideId "12939510"]
[EventDate "2017.07.15"]

1. d4 Nf6 2. c4 e6 3. Nf3 d5 4. Nc3 dxc4 5. e3 a6 6. a4 c5 7. Bxc4 Nc6 8. O-O
Be7 9. Qe2 cxd4 10. Rd1 e5 11. exd4 exd4 12. Bxf7+ Kxf7 13. Qc4+ Kf8 14. Bf4 Qe8
15. Nxd4 Qf7 16. Qe2 Nxd4 17. Rxd4 Bg4 18. f3 Bc5 19. Bd6+ Bxd6 20. Rxd6 Re8 21.
Qd2 Be6 22. Ne4 h6 23. Nc5 Bd5 24. Rd1 Bc6 25. Qd3 Kg8 26. b4 Bd5 27. Qf5 Qe7
28. R6xd5 Qe3+ 29. Kf1 Qe2+ 30. Kg1 Qe3+ 1/2-1/2

[Event "45th Sparkassen Open"]
[Site "Dortmund GER"]
[Date "2017.07.18"]
[Round "4.27"]
[White "Kolakovic, Klaudio"]
[Black "Kagan, Dennis"]
[Result "1-0"]
[WhiteElo "2017"]
[BlackElo "1902"]
[WhiteFideId "24645800"]
[BlackFideId "12983578"]
[EventDate "2017.07.15"]

1. d4 Nf6 2. c4 e6 3. Nc3 Bb4 4. e3 O-O 5. Bd3 d5 6. Nf3 c5 7. O-O dxc4 8. Bxc4
Nbd7 9. Ne2 cxd4 10. exd4 a6 11. Qb3 Ba5 12. Nf4 Nb6 13. Bd3 Nbd5 14. Nxd5 Qxd5
15. Bc4 Qd6 16. Rd1 b5 17. Be2 Bb6 18. Bd2 Nd5 19. a4 b4 20. a5 Bc7 21. Bc4 Rb8
22. Bxd5 exd5 23. g3 Rb5 24. Bf4 Qd8 25. Bxc7 Qxc7 26. Rdc1 Qd6 27. Ne5 Bd7 28.
Nd3 Bg4 29. Ne5 Bd7 30. Nd3 Bg4 31. Rc5 Rfb8 32. Rac1 Bd7 33. Nf4 Be6 34. Rc6
Qd8 35. Nxe6 fxe6 36. Qe3 Qd7 37. Rc7 Qe8 38. R1c6 R5b7 39. Rxe6 1-0

[Event "45th Sparkassen Open"]
[Site "Dortmund GER"]
[Date "2017.07.18"]
[Round "4.28"]
[White "Manthei, Michael"]
[Black "Klueting, Reiner"]
[Result "1-0"]
[WhiteElo "2004"]
[BlackElo "1907"]
[WhiteFideId "24605824"]
[BlackFideId "4644760"]
[EventDate "2017.07.15"]

1. d4 Nf6 2. Bf4 d5 3. e3 c5 4. c3 Qb6 5. Qb3 c4 6. Qc2 Nc6 7. Nd2 Nh5 8. Bg3 g6
9. Be2 Nxg3 10. hxg3 Bg7 11. f4 Qc7 12. Bf3 e6 13. Ne2 Bd7 14. e4 Ne7 15. Kf2
Bc6 16. e5 b5 17. g4 h6 18. Ng3 Qd7 19. Ndf1 a5 20. Ne3 O-O-O 21. b3 Kc7 22.
Rhb1 Rb8 23. Qc1 Rb7 24. bxc4 dxc4 25. Qa3 Ra8 26. Ne4 Nd5 27. Nxd5+ exd5 28.
Qd6+ Qxd6 29. Nxd6 Rbb8 30. Nxf7 b4 31. f5 bxc3 32. f6 Rb2+ 33. Rxb2 cxb2 34.
Rb1 c3 35. Bd1 Rf8 36. fxg7 Rxf7+ 37. Ke3 Rxg7 38. Kd3 Rf7 39. Bf3 Rf4 40. Kxc3 1-0

[Event "45th Sparkassen Open"]
[Site "Dortmund GER"]
[Date "2017.07.18"]
[Round "4.29"]
[White "Borchert, Louis"]
[Black "Nasoyan, Maksim"]
[Result "0-1"]
[WhiteElo "1996"]
[BlackElo "1860"]
[WhiteFideId "12990680"]
[BlackFideId "16220331"]
[EventDate "2017.07.15"]

1. e4 c5 2. c3 d5 3. exd5 Qxd5 4. d4 Nc6 5. Nf3 e5 6. Nxe5 Nxe5 7. dxe5 Qxe5+ 8.
Qe2 Bd6 9. Na3 Nf6 10. Nc4 Qxe2+ 11. Bxe2 Bc7 12. Be3 b6 13. Bf3 Rb8 14. Bg5 Nd7
15. O-O O-O 16. Rad1 b5 17. Nd6 Ne5 18. Be4 Bxd6 19. Rxd6 Nc4 20. Rd8 Rxd8 21.
Bxd8 Be6 22. Bc7 Rc8 23. Bf4 Nxb2 24. Bc2 b4 25. cxb4 cxb4 26. Bb1 Na4 27. Be3
a5 28. Bd4 Nc3 29. Bxc3 bxc3 30. Rc1 Rd8 31. Kf1 Kf8 32. Ke1 Bd5 33. f3 Rb8 34.
Bd3 Rb2 35. Rc2 Bxa2 36. h4 a4 37. Rxc3 Rxg2 38. Ra3 Bb3 39. Bb5 Rg6 40. Bxa4
Ra6 41. Rxb3 Rxa4 42. h5 Ra5 43. h6 gxh6 44. Kf2 Rg5 45. Rb4 Kg7 46. Rc4 h5 47.
Ra4 Rg6 48. Rh4 Kh6 49. Rf4 f6 50. Rf5 h4 51. Ra5 h3 52. f4 h2 53. Ra1 Rg1 54.
Rxg1 hxg1=Q+ 55. Kxg1 Kh5 0-1